[Event "Cto de Aragon por Equipos Preferente"]
[Site "?"]
[Date "2020.02.22"]
[Round "5.47"]
[White "Sanclemente Aragues, Angel"]
[Black "Larios Herraiz, Enrique"]
[Result "0-1"]
[WhiteElo "1628"]
[BlackElo "2061"]
[PlyCount "62"]
[EventDate "2020.??.??"]
[WhiteTeam "Enroque Barbastro"]
[BlackTeam "Actur Rey Fernando"]

1. e4 e6 2. c4 b6 3. Nc3 Bb7 4. d4 Bb4 5. Bd3 f5 6. Qf3 Nf6 7. Bg5 fxe4 8. Bxe4
Bxe4 9. Qh3 Nc6 10. Nge2 O-O 11. O-O Bf5 12. Qe3 Bd6 13. Nb5 h6 14. Nxd6 cxd6
15. Bf4 d5 16. Bd6 Rf7 17. b3 Ne4 18. Ba3 Qg5 19. f4 Qg6 20. h3 Ne7 21. Kh2 Nf6
22. Ng3 Be4 23. Rf2 Nf5 24. Nxf5 Qxf5 25. Rg1 h5 26. Bd6 Rc8 27. c5 h4 28. b4
Nh5 29. a3 Qg6 30. Qe2 Qg3+ 31. Kh1 Qxh3# 0-1

[Event "Cto de Aragon por Equipos Preferente"]
[Site "?"]
[Date "2020.02.22"]
[Round "5.48"]
[White "Garcia Alvarez, Sergio"]
[Black "Jimenez Azlor, Hugo"]
[Result "1-0"]
[WhiteElo "1666"]
[BlackElo "1387"]
[PlyCount "59"]
[EventDate "2020.??.??"]
[WhiteTeam "Actur Rey Fernando"]
[BlackTeam "Enroque Barbastro"]

1. d4 f5 2. Nf3 g6 3. e3 Bg7 4. b3 Nf6 5. Bb2 O-O 6. Bc4+ e6 7. Nbd2 Qe8 8. Qe2
d5 9. Bd3 Nbd7 10. Ne5 Ne4 11. f4 Qe7 12. Bxe4 fxe4 13. h4 Bxe5 14. dxe5 Rf7
15. g4 c6 16. g5 a5 17. a4 b6 18. h5 Nf8 19. Ba3 c5 20. Nf1 Ba6 21. c4 Qe8 22.
Nh2 gxh5 23. Qxh5 Rg7 24. Qe2 dxc4 25. Ng4 Qg6 26. bxc4 Nd7 27. Rd1 Bb7 28.
Rxd7 Rxd7 29. Nf6+ Kg7 30. Rh6 1-0

[Event "Cto de Aragon por Equipos Preferente"]
[Site "?"]
[Date "2020.02.22"]
[Round "5.49"]
[White "Rodriguez Leiva, Manuel"]
[Black "Romon Poves, Raul"]
[Result "0-1"]
[WhiteElo "1820"]
[BlackElo "2237"]
[PlyCount "84"]
[EventDate "2020.??.??"]
[WhiteTeam "Jaime Casas B"]
[BlackTeam "Shatranj"]

1. c4 e5 2. Nc3 Nf6 3. g3 Nc6 4. Bg2 Bb4 5. e3 Bxc3 6. bxc3 e4 7. Ne2 Ne5 8.
O-O Nxc4 9. d3 exd3 10. Qxd3 d5 11. Nd4 O-O 12. Nb5 Bg4 13. f3 Be6 14. Na3 Ne5
15. Qd4 Nc6 16. Qh4 Ne7 17. Qb4 b6 18. c4 c5 19. Qa4 dxc4 20. Rd1 Qe8 21. Qa6
Qc8 22. Qb5 Rb8 23. Qb2 Rd8 24. Qe2 Rxd1+ 25. Qxd1 b5 26. e4 b4 27. Nc2 b3 28.
axb3 cxb3 29. Bf4 bxc2 30. Qxc2 Rb7 31. Bd6 c4 32. f4 c3 33. Rc1 Bh3 34. Bxe7
Rxe7 35. Bf3 Qc5+ 36. Kh1 Rc7 37. Qd3 Rc8 38. e5 Ng4 39. Bxg4 Bxg4 40. Kg2 g6
41. h3 Bf5 42. Qf3 Qd4 0-1

[Event "Cto de Aragon por Equipos Preferente"]
[Site "?"]
[Date "2020.02.22"]
[Round "5.50"]
[White "Franco Ibanez, Carlos"]
[Black "Salas Latorre, Jose"]
[Result "1-0"]
[WhiteElo "1936"]
[BlackElo "1749"]
[PlyCount "109"]
[EventDate "2020.??.??"]
[WhiteTeam "Shatranj"]
[BlackTeam "Jaime Casas B"]

1. e4 c6 2. d4 d5 3. exd5 cxd5 4. c4 Nf6 5. Nc3 Nc6 6. Nf3 Be6 7. c5 g6 8. Bb5
Bg7 9. Ne5 Qc8 10. Qa4 Bd7 11. Nxd7 Qxd7 12. O-O O-O 13. Re1 Rfe8 14. Bf4 a6
15. Be2 Qf5 16. Bg3 Nh5 17. Bxh5 Qxh5 18. Rad1 Qf5 19. Rd2 Bf6 20. Qd1 Bg5 21.
Rd3 Bf6 22. a3 Na7 23. Be5 Nc6 24. Rf3 Qd7 25. Bxf6 exf6 26. Rfe3 Rxe3 27. Rxe3
Kf8 28. b4 Re8 29. h3 Rxe3 30. fxe3 Qf5 31. Qf3 Qxf3 32. gxf3 Ne7 33. a4 Ke8
34. b5 axb5 35. axb5 Kd7 36. Kf2 Ke6 37. Ke2 h5 38. e4 f5 39. exd5+ Nxd5 40.
Nxd5 Kxd5 41. h4 f6 42. f4 Ke6 43. Ke3 Kd5 44. Kd3 Ke6 45. b6 Kd5 46. Ke3 Kc6
47. Ke2 Kd5 48. Kd3 Kc6 49. Kc4 g5 50. fxg5 fxg5 51. hxg5 h4 52. g6 h3 53. g7
h2 54. g8=Q h1=Q 55. Qe6# 1-0

[Event "Cto de Aragon por Equipos Preferente"]
[Site "?"]
[Date "2020.02.22"]
[Round "5.52"]
[White "Alvaro Rada, Gonzalo"]
[Black "Olivan Alvira, Alejandro"]
[Result "1/2-1/2"]
[WhiteElo "1268"]
[BlackElo "1415"]
[PlyCount "50"]
[EventDate "2020.??.??"]
[WhiteTeam "Shatranj"]
[BlackTeam "Jaime Casas B"]

1. e4 d5 2. exd5 Qxd5 3. Nc3 Qd6 4. d4 c6 5. Nf3 Bg4 6. Be2 Nf6 7. O-O e6 8.
Re1 Be7 9. Ne5 Bxe2 10. Rxe2 Nbd7 11. Nxd7 Nxd7 12. Ne4 Qc7 13. Bg5 Bxg5 14.
Nxg5 Nf6 15. Nf3 O-O 16. c3 Rad8 17. Qc2 h6 18. Rae1 Rfe8 19. Ne5 Nd7 20. Nxd7
Rxd7 21. Re5 Rde7 22. Qb3 Qb6 23. Qxb6 axb6 24. b4 f6 25. R5e2 b5 1/2-1/2

[Event "Cto de Aragon por Equipos Preferente"]
[Site "?"]
[Date "2020.02.22"]
[Round "5.53"]
[White "Cebrian Valverde, Jose Antonio"]
[Black "Gracia Campo, Carlos Alberto"]
[Result "0-1"]
[WhiteElo "2101"]
[BlackElo "2069"]
[PlyCount "54"]
[EventDate "2020.??.??"]
[WhiteTeam "San Jose"]
[BlackTeam "El Olivar B"]

1. d4 Nf6 2. c4 g6 3. Nc3 Bg7 4. e4 d6 5. Be2 Nbd7 6. Nf3 O-O 7. O-O e5 8. Re1
Re8 9. d5 Nc5 10. Bf1 a5 11. b3 Nh5 12. Bd2 f5 13. Ng5 f4 14. Ne6 Bxe6 15. dxe6
Nxe6 16. Nb5 Rf8 17. Bc3 f3 18. g3 Qg5 19. Qd5 Nhf4 20. Qxb7 Qg4 21. Kh1 Nh3
22. Bxh3 Qxh3 23. Rg1 g5 24. Nxc7 Nxc7 25. Qxc7 Rf6 26. Bxe5 dxe5 27. Qxe5
Qxh2+ 0-1

[Event "Cto de Aragon por Equipos Preferente"]
[Site "?"]
[Date "2020.02.22"]
[Round "5.54"]
[White "Galve Guinea, Alejandro"]
[Black "Gimeno Oteo, Marco Antonio"]
[Result "0-1"]
[WhiteElo "1994"]
[BlackElo "2077"]
[PlyCount "64"]
[EventDate "2020.??.??"]
[WhiteTeam "El Olivar B"]
[BlackTeam "San Jose"]

1. Nf3 Nf6 2. c4 g6 3. Nc3 Bg7 4. e4 d6 5. d4 O-O 6. Be2 e5 7. Be3 Nc6 8. d5
Ne7 9. Nd2 Nd7 10. b4 a5 11. bxa5 f5 12. f3 Kh8 13. Nb3 Ng8 14. Qd2 Ngf6 15.
O-O Nh5 16. Rfd1 Nf4 17. Bf1 Nf6 18. Kh1 g5 19. c5 g4 20. fxg4 Nxg4 21. Bg1
fxe4 22. Nxe4 Bf5 23. Qe1 Bg6 24. cxd6 cxd6 25. g3 Nh5 26. Bg2 Bxe4 27. Bxe4
Qg5 28. Qd2 Nxg3+ 29. hxg3 Qh5+ 30. Kg2 Bh6 31. Qe2 Ne3+ 32. Bxe3 Qxe2+ 0-1

[Event "Cto de Aragon por Equipos Preferente"]
[Site "?"]
[Date "2020.02.22"]
[Round "5.55"]
[White "Gutierrez Mingueza, Ruben"]
[Black "Bailo Remacha, Santiago"]
[Result "1-0"]
[WhiteElo "2041"]
[BlackElo "1972"]
[PlyCount "73"]
[EventDate "2020.??.??"]
[WhiteTeam "San Jose"]
[BlackTeam "El Olivar B"]

1. c4 c5 2. g3 Nc6 3. Bg2 g6 4. Nc3 Bg7 5. e4 e6 6. Nge2 Nge7 7. d3 O-O 8. Be3
Nd4 9. Rb1 Nec6 10. O-O d6 11. f4 a6 12. a3 Rb8 13. b4 cxb4 14. axb4 b5 15.
cxb5 Nxb5 16. Nxb5 Rxb5 17. Qa4 Qc7 18. Rfc1 Qb7 19. e5 Bd7 20. Nc3 dxe5 21.
Nxb5 axb5 22. Qc2 Rc8 23. fxe5 Bxe5 24. Qf2 Qb8 25. d4 Bg7 26. d5 Ne5 27. Qe2
Nc4 28. Bc5 Re8 29. Qf2 Qe5 30. Re1 Qg5 31. Rf1 f5 32. dxe6 Bxe6 33. Rfe1 Qf6
34. Rbd1 Rc8 35. Rxe6 Qc3 36. Qe1 Rxc5 37. Re8+ 1-0

[Event "Cto de Aragon por Equipos Preferente"]
[Site "?"]
[Date "2020.02.22"]
[Round "5.56"]
[White "Munoz Valles, Jorge"]
[Black "Ferreruela Romero, Jose Joaquin"]
[Result "1-0"]
[WhiteElo "1636"]
[BlackElo "2034"]
[PlyCount "113"]
[EventDate "2020.??.??"]
[WhiteTeam "El Olivar B"]
[BlackTeam "San Jose"]

1. d4 b6 2. c4 e6 3. Nc3 Bb7 4. e4 Bb4 5. Bd3 f5 6. f3 Qh4+ 7. g3 Qh5 8. Bd2
fxe4 9. Bxe4 Bxe4 10. fxe4 Qxd1+ 11. Nxd1 a5 12. Ne3 Nf6 13. e5 Ne4 14. Nf1 Rf8
15. Bxb4 axb4 16. Nh3 Nc6 17. O-O-O Rxa2 18. Kb1 Ra5 19. Nd2 Nxd2+ 20. Rxd2 Ke7
21. Kc2 Rf3 22. Rd3 h6 23. Rhd1 Rf5 24. Nf4 g5 25. Ng2 Rf2+ 26. R1d2 Rxd2+ 27.
Rxd2 Ra1 28. Ne3 Ra8 29. Ng4 h5 30. Nf6 Rh8 31. h4 g4 32. Kd3 d6 33. Ke4 Rd8
34. Nxh5 dxe5 35. d5 Na5 36. Rc2 Rf8 37. Ng7 Rf3 38. Nxe6 Kd6 39. c5+ bxc5 40.
Rxc5 Nb3 41. Rc6+ Ke7 42. Rxc7+ Kf6 43. Rc2 Rxg3 44. Rf2+ Rf3 45. Rxf3+ gxf3
46. Kxf3 Nd2+ 47. Ke2 Nc4 48. b3 Nb6 49. Nc7 Nc8 50. Na6 Kf5 51. Nxb4 e4 52.
Ke3 Ke5 53. h5 Nd6 54. Ke2 Nf5 55. Kf2 Kd4 56. Nc2+ Kxd5 57. Ne3+ 1-0

[Event "Cto de Aragon por Equipos Preferente"]
[Site "?"]
[Date "2020.02.22"]
[Round "5.57"]
[White "Sierra Aguerri, Joaquin"]
[Black "Fuster Garcia, Luis"]
[Result "1/2-1/2"]
[WhiteElo "2097"]
[BlackElo "2169"]
[PlyCount "78"]
[EventDate "2020.??.??"]
[WhiteTeam "Tauste"]
[BlackTeam "Marcos Frechin B"]

1. Nf3 Nf6 2. d4 d5 3. Bf4 c5 4. c3 Nc6 5. e3 Qb6 6. Qb3 c4 7. Qc2 Bf5 8. Qc1
e6 9. Nh4 Bxb1 10. Rxb1 Qa5 11. Nf3 Qxa2 12. Nd2 Qa5 13. Be2 Be7 14. b3 b5 15.
O-O O-O 16. e4 Rac8 17. bxc4 dxc4 18. Qc2 Nd7 19. Qb2 a6 20. Ra1 Qb6 21. Rfb1
Nxd4 22. cxd4 c3 23. Qa2 cxd2 24. Qxd2 Nf6 25. f3 Rfd8 26. Be3 Qb7 27. Ra2 Bc5
28. Qa5 Bxd4 29. Bxd4 Rxd4 30. Qxa6 Qxa6 31. Rxa6 b4 32. Rb6 Rd2 33. Bf1 h5 34.
h4 Nd7 35. R6xb4 Rcc2 36. Rb5 g6 37. Ra1 Ra2 38. Rxa2 Rxa2 39. Kh2 Rc2 1/2-1/2

[Event "Cto de Aragon por Equipos Preferente"]
[Site "?"]
[Date "2020.02.22"]
[Round "5.58"]
[White "Moya Gimeno, Raul"]
[Black "Fernandez Rubio, Rafael"]
[Result "1-0"]
[WhiteElo "1851"]
[BlackElo "2063"]
[PlyCount "113"]
[EventDate "2020.??.??"]
[WhiteTeam "Marcos Frechin B"]
[BlackTeam "Tauste"]

1. e4 g6 2. d4 Bg7 3. Be3 c6 4. Nc3 d5 5. e5 f6 6. f4 Nh6 7. Be2 O-O 8. Nf3 Bg4
9. h3 Bxf3 10. Bxf3 fxe5 11. fxe5 Nf5 12. Bf2 Bh6 13. Qd3 e6 14. O-O Nd7 15.
Rae1 Qe7 16. Nd1 Rf7 17. Ne3 Nh4 18. Bg4 Nf5 19. Bf3 Nxe3 20. Bxe3 Bxe3+ 21.
Qxe3 Raf8 22. Bg4 h5 23. Be2 Qh4 24. c3 Kg7 25. Rxf7+ Rxf7 26. Rf1 Rxf1+ 27.
Bxf1 Nf8 28. g3 Qe7 29. h4 b6 30. b4 Nd7 31. Qf2 Qf7 32. Qe3 Qe7 33. Qf4 a5 34.
bxa5 bxa5 35. Qc1 Nb6 36. Qb1 Nc8 37. Qb8 Qd7 38. Ba6 Na7 39. a4 c5 40. dxc5 d4
41. Qd6 Qxd6 42. exd6 dxc3 43. Bd3 Kf6 44. Kf2 Ke5 45. Ke3 Nc6 46. Be4 Nd8 47.
Bxg6 Kd5 48. Kd3 Kxc5 49. Kxc3 Kxd6 50. Bxh5 e5 51. Bg6 Ke6 52. h5 Kf6 53. Kc4
Nc6 54. Kb5 Nd4+ 55. Kxa5 Nf5 56. g4 e4 57. Bxf5 1-0

[Event "Cto de Aragon por Equipos Preferente"]
[Site "?"]
[Date "2020.02.22"]
[Round "5.59"]
[White "Sancho Casale, Jesus"]
[Black "Hususan, Melisa"]
[Result "1-0"]
[WhiteElo "1923"]
[BlackElo "1749"]
[PlyCount "65"]
[EventDate "2020.??.??"]
[WhiteTeam "Tauste"]
[BlackTeam "Marcos Frechin B"]

1. c4 g6 2. Nc3 Bg7 3. Nf3 d6 4. d4 Nd7 5. e4 e5 6. Be3 Ne7 7. h4 h6 8. Bd3 O-O
9. Qd2 Kh7 10. O-O-O Nc6 11. d5 Nb4 12. Bb1 Na6 13. Nh2 Nf6 14. f3 Nc5 15. g4
Ng8 16. Nf1 Bd7 17. Ng3 a6 18. Rdg1 b5 19. Qg2 bxc4 20. g5 Rb8 21. h5 Nd3+ 22.
Bxd3 cxd3 23. gxh6 Bh8 24. hxg6+ fxg6 25. Nf5 Qf6 26. Nh4 Be8 27. Rh3 Qf7 28.
Nxg6 Qxg6 29. Qh2 Qf6 30. Rg7+ Bxg7 31. hxg7+ Kxg7 32. Rh7+ Kg6 33. Qh5# 1-0

[Event "Cto de Aragon por Equipos Preferente"]
[Site "?"]
[Date "2020.02.22"]
[Round "5.60"]
[White "Perez Tomas, Juan Manuel"]
[Black "Liarte Marinoso, Aaron"]
[Result "0-1"]
[WhiteElo "1556"]
[BlackElo "1627"]
[PlyCount "122"]
[EventDate "2020.??.??"]
[WhiteTeam "Marcos Frechin B"]
[BlackTeam "Tauste"]

1. e4 g6 2. d4 Bg7 3. g3 c5 4. Ne2 Nc6 5. Be3 Qb6 6. Nbc3 cxd4 7. Nd5 Qd8 8.
Nxd4 e6 9. Nc3 Nge7 10. Ndb5 O-O 11. Nd6 Qa5 12. Qd2 Qb4 13. O-O-O f5 14. f3
fxe4 15. fxe4 Ne5 16. a3 Qa5 17. Be2 b6 18. Bh6 Ba6 19. Bxg7 Kxg7 20. Rhf1 Bxe2
21. Qxe2 Qc5 22. h4 h5 23. Ncb5 N7c6 24. b4 Nxb4 25. axb4 Qxb4 26. Qd2 Qxd2+
27. Kxd2 Rxf1 28. Rxf1 a5 29. Kc3 Kh6 30. Kb3 Rg8 31. Ka4 Ng4 32. Nf7+ Kg7 33.
Ng5 Ne5 34. Nd6 Rd8 35. c4 Rb8 36. Rf4 Rd8 37. Kb5 Rb8 38. Rf1 Kg8 39. Ka4 Kg7
40. Rb1 Nc6 41. Rb2 Kf6 42. Kb3 Ke7 43. Ndf7 Nd4+ 44. Kc3 Nc6 45. Rb5 Kf6 46.
e5+ Ke7 47. Nd6 Nxe5 48. c5 Nc6 49. Nc4 bxc5 50. Rxc5 a4 51. Nd2 a3 52. Rc4 Ra8
53. Nb3 Na5 54. Ra4 Rc8+ 55. Kb4 Rb8+ 56. Kxa5 Rxb3 57. Ne4 Re3 58. Nd2 Rxg3
59. Nc4 Rg4 60. Nxa3 Rxa4+ 61. Kxa4 Kf6 0-1

[Event "Cto de Aragon por Equipos Preferente"]
[Site "?"]
[Date "2020.02.22"]
[Round "5.61"]
[White "Mombiela De Sus, Jose Luis"]
[Black "Flores Samperiz, Jorge"]
[Result "1-0"]
[WhiteElo "1933"]
[BlackElo "1976"]
[PlyCount "61"]
[EventDate "2020.??.??"]
[WhiteTeam "Las Fuentes B"]
[BlackTeam "Helios B"]

1. f4 d5 2. Nf3 Nf6 3. g3 e6 4. Bg2 c5 5. O-O Nc6 6. d3 Bd6 7. Nh4 e5 8. e4
exf4 9. gxf4 Ng4 10. Qe1 d4 11. Na3 Bd7 12. Nc4 Be7 13. Nf3 Qc7 14. h3 Nh6 15.
c3 Be6 16. Nfe5 f6 17. f5 Nxe5 18. Nxe5 fxe5 19. fxe6 Qd6 20. cxd4 exd4 21. e5
Qxe6 22. Qe4 Nf7 23. Qxb7 O-O 24. Rxf7 Qxf7 25. Bd5 Qxd5 26. Qxd5+ Kh8 27. Bd2
Rad8 28. Qe4 Rfe8 29. Rf1 Bf6 30. Bf4 Re6 31. Qf5 1-0

[Event "Cto de Aragon por Equipos Preferente"]
[Site "?"]
[Date "2020.02.22"]
[Round "5.62"]
[White "Gonzalez Azuara, Javier"]
[Black "Javierre Conesa, Alfonso"]
[Result "0-1"]
[WhiteElo "1722"]
[BlackElo "1867"]
[PlyCount "90"]
[EventDate "2020.??.??"]
[WhiteTeam "Helios B"]
[BlackTeam "Las Fuentes B"]

1. d4 d5 2. Nf3 Nf6 3. c4 e6 4. Nc3 Be7 5. Bf4 O-O 6. a3 c6 7. e3 Nbd7 8. c5
Nh5 9. Bg3 Nxg3 10. hxg3 b6 11. Bd3 g6 12. b4 a5 13. Nh4 e5 14. Qb1 Bxh4 15.
gxh4 exd4 16. exd4 Re8+ 17. Ne2 Qf6 18. h5 bxc5 19. hxg6 fxg6 20. O-O c4 21.
Bxc4 dxc4 22. Qc2 Nb6 23. Ng3 Bf5 24. Nxf5 Qxf5 25. Qxf5 gxf5 26. Rfb1 Nd5 27.
b5 cxb5 28. Rxb5 Red8 29. Rc5 c3 30. Kf1 Rab8 31. Ke2 Rb2+ 32. Kd3 Rxf2 33. Kc4
Ne3+ 34. Kxc3 Rc2+ 35. Kb3 Rxg2 36. Re1 Rg3 37. Ka4 Rxd4+ 38. Kxa5 f4 39. Rc7
Rd8 40. a4 Rg5+ 41. Ka6 Ra8+ 42. Kb7 Rxa4 43. Re2 Rg7 44. Rf2 Rxc7+ 45. Kxc7
Kg7 0-1

[Event "Cto de Aragon por Equipos Preferente"]
[Site "?"]
[Date "2020.02.22"]
[Round "5.63"]
[White "Morato Garcia, Jesus"]
[Black "Lacamara Pasamar, Miguel"]
[Result "1-0"]
[WhiteElo "1847"]
[BlackElo "1720"]
[PlyCount "62"]
[EventDate "2020.??.??"]
[WhiteTeam "Las Fuentes B"]
[BlackTeam "Helios B"]

1. d4 Nf6 2. Nf3 d5 3. c4 e6 4. cxd5 exd5 5. Nc3 Be7 6. Bg5 O-O 7. e3 b6 8. Bd3
Ba6 9. Bxa6 Nxa6 10. Ne5 Qd6 11. O-O Rfc8 12. Qa4 Nb8 13. Rac1 a6 14. Qb3 Rd8
15. Bf4 Qe6 16. Na4 Bd6 17. Rc2 Nbd7 18. Nc6 Bxf4 19. Nxd8 Bxh2+ 20. Kxh2 Ng4+
21. Kg3 Qg6 22. Rc6 Ndf6 23. Qc2 Ne4+ 24. Kf4 Ngf6 25. Rxf6 Qxf6+ 26. Kg4 Qg6+
27. Kf4 Qf6+ 28. Kg4 Rxd8 29. Qxc7 Nxf2+ 30. Rxf2 Qe6+ 31. Kg3 Re8 1-0

[Event "Cto de Aragon por Equipos Preferente"]
[Site "?"]
[Date "2020.02.22"]
[Round "5.64"]
[White "Lorente Melcon, Maximo"]
[Black "Edeso Perez, Francisco"]
[Result "1-0"]
[WhiteElo "1661"]
[BlackElo "1786"]
[PlyCount "113"]
[EventDate "2020.??.??"]
[WhiteTeam "Helios B"]
[BlackTeam "Las Fuentes B"]

1. e4 c5 2. Nc3 d6 3. Bb5+ Nd7 4. a4 Ngf6 5. f4 a6 6. Bc4 e6 7. d3 Be7 8. Nf3
O-O 9. O-O Rb8 10. Qe1 Qc7 11. a5 b5 12. axb6 Qxb6 13. f5 e5 14. h3 Bb7 15. g4
Ra8 16. g5 Ne8 17. g6 Nef6 18. Ng5 h5 19. Nxf7 Rxf7 20. gxf7+ Kf8 21. Qg3 d5
22. exd5 Qd6 23. Ne4 Nxe4 24. dxe4 Nf6 25. Qg2 Kxf7 26. Kh1 Rg8 27. Rg1 Bc8 28.
Qe2 g6 29. Rxg6 Rxg6 30. fxg6+ Kxg6 31. Qg2+ Kf7 32. Bg5 Ke8 33. Rf1 Kd8 34.
Bxf6 Bxf6 35. Qg8+ Kd7 36. Qe6+ Qxe6 37. dxe6+ Kd8 38. Ra1 Bg5 39. Be2 h4 40.
Bxa6 Bxa6 41. Rxa6 Ke7 42. Rc6 Be3 43. Kg2 Ke8 44. Kf3 Bg1 45. Rc7 Kd8 46. Rh7
Ke8 47. Rxh4 Ke7 48. Rh5 Bh2 49. h4 Bf4 50. Rf5 Bc1 51. b3 Bb2 52. h5 Kd8 53.
Rf7 Ke8 54. Rc7 c4 55. bxc4 Ba3 56. h6 Bb2 57. h7 1-0

[Event "Cto de Aragon por Equipos Preferente"]
[Site "?"]
[Date "2020.02.22"]
[Round "5.65"]
[White "Carruez Berges, Santiago"]
[Black "Llanes Luno, Ricardo"]
[Result "1/2-1/2"]
[WhiteElo "1995"]
[BlackElo "2236"]
[PlyCount "81"]
[EventDate "2020.??.??"]
[WhiteTeam "Agrupacion C"]
[BlackTeam "Delicias"]

1. e4 c5 2. Nf3 e6 3. d4 cxd4 4. c3 d5 5. exd5 Qxd5 6. cxd4 Nc6 7. Nc3 Bb4 8.
Bd3 Nf6 9. O-O Bxc3 10. bxc3 O-O 11. Bg5 b6 12. Rb1 Bb7 13. Bxf6 gxf6 14. Rb5
Qd8 15. Rh5 f5 16. Ng5 h6 17. Qd2 Qf6 18. Nh3 Kg7 19. Nf4 Kh7 20. Re1 Rg8 21.
Qe3 Rg5 22. d5 Nd8 23. dxe6 Nxe6 24. Rxg5 Qxg5 25. g3 Nxf4 26. Qxf4 Qxf4 27.
gxf4 Rg8+ 28. Kf1 Bg2+ 29. Ke2 Be4 30. Bxe4 fxe4 31. Rd1 Rc8 32. Rd7 Kg7 33.
Rxa7 Rxc3 34. Ra6 f5 35. Rxb6 Rc2+ 36. Ke3 Rxa2 37. h4 Ra3+ 38. Kd4 Ra4+ 39.
Kd5 Ra5+ 40. Kd4 Ra4+ 41. Kd5 1/2-1/2

[Event "Cto de Aragon por Equipos Preferente"]
[Site "?"]
[Date "2020.02.22"]
[Round "5.66"]
[White "Neila Castillo, Miguel Angel"]
[Black "Gimeno Diaz, Fernando"]
[Result "1-0"]
[WhiteElo "2122"]
[BlackElo "1797"]
[PlyCount "129"]
[EventDate "2020.??.??"]
[WhiteTeam "Delicias"]
[BlackTeam "Agrupacion C"]

1. e4 c6 2. d4 d5 3. exd5 cxd5 4. c4 Nf6 5. Nc3 e6 6. Nf3 Bb4 7. a3 Bxc3+ 8.
bxc3 Ne4 9. Qb3 O-O 10. Bd3 dxc4 11. Qxc4 Nd6 12. Qc5 Nf5 13. g4 Nd7 14. Qb5 a6
15. Qb1 Nh4 16. Bxh7+ Kh8 17. Be4 f5 18. Nxh4 Qxh4 19. gxf5 exf5 20. Bf3 Nf6
21. Ra2 Ne4 22. Qd3 Be6 23. Re2 Rac8 24. Bxe4 fxe4 25. Qg3 Qf6 26. Rxe4 Bd5 27.
Rh4+ Kg8 28. O-O Rxc3 29. f3 Rxf3 30. Rxf3 Bxf3 31. Rf4 Qc6 32. Rxf8+ Kxf8 33.
Bf4 Qe4 34. Be5 Qe3+ 35. Qf2 Qc1+ 36. Qf1 Qxf1+ 37. Kxf1 b5 38. Kf2 Bd5 39. Ke3
Kf7 40. Kd3 g6 41. Kc3 Ke6 42. Kb4 Bb7 43. Kc5 Kd7 44. Kb6 Kc8 45. Bf4 Bd5 46.
Kxa6 Bc4 47. Kb6 Kd7 48. Kc5 Ke6 49. a4 Bd5 50. Kxb5 Kf5 51. Be5 Ke6 52. Kb6
Kd7 53. Kc5 Ke6 54. a5 Bb7 55. Kb6 Bd5 56. Kc7 Ke7 57. a6 Ke6 58. a7 Ke7 59.
Kb8 Kd7 60. a8=Q Bxa8 61. Kxa8 Kc8 62. Ka7 Kd7 63. Kb6 Ke6 64. Kc6 g5 65. Bg3
1-0

[Event "Cto de Aragon por Equipos Preferente"]
[Site "?"]
[Date "2020.02.22"]
[Round "5.67"]
[White "Redolar Cortes, Angel"]
[Black "Lamas Mercadal, Manuel"]
[Result "0-1"]
[WhiteElo "1732"]
[BlackElo "2117"]
[PlyCount "52"]
[EventDate "2020.??.??"]
[WhiteTeam "Agrupacion C"]
[BlackTeam "Delicias"]

1. e4 c5 2. Nc3 Nc6 3. g3 g6 4. Bg2 Bg7 5. d3 d6 6. Nge2 e6 7. Be3 Nd4 8. Qd2
Ne7 9. O-O O-O 10. a4 a6 11. f4 f5 12. Rad1 Rb8 13. Bf2 Nec6 14. b3 b5 15. axb5
axb5 16. Nxd4 Nxd4 17. exf5 gxf5 18. Ne2 Bb7 19. Nxd4 cxd4 20. Rfe1 Bxg2 21.
Kxg2 e5 22. Ra1 Qb6 23. c4 dxc3 24. Qxc3 Qb7+ 25. Kg1 exf4 26. Bd4 Rfc8 0-1

[Event "Cto de Aragon por Equipos Preferente"]
[Site "?"]
[Date "2020.02.22"]
[Round "5.68"]
[White "Fabre Perez, Jose Maria"]
[Black "Conon, Catalin"]
[Result "1-0"]
[WhiteElo "2026"]
[BlackElo "1620"]
[PlyCount "79"]
[EventDate "2020.??.??"]
[WhiteTeam "Delicias"]
[BlackTeam "Agrupacion C"]

1. c4 Nf6 2. Nc3 e6 3. e4 d5 4. e5 d4 5. exf6 dxc3 6. bxc3 Qxf6 7. d4 b6 8. Nf3
h6 9. Bd3 Bb7 10. Qa4+ Bc6 11. Qc2 Bd6 12. Be4 O-O 13. g4 Bf4 14. Ba3 Bd6 15.
Bc1 Bf4 16. Ba3 Bd6 17. g5 hxg5 18. Bc1 Bf4 19. Be3 Bxe3 20. fxe3 g4 21. Ne5
Qh4+ 22. Ke2 Bxe4 23. Qxe4 c6 24. Nxg4 Nd7 25. Raf1 Qh7 26. Nf2 Nf6 27. Qxh7+
Kxh7 28. e4 c5 29. e5 Ng8 30. Ne4 cxd4 31. Ng5+ Kg6 32. Rhg1 Kh5 33. Nxf7 Rxf7
34. Rxf7 dxc3 35. Rfxg7 Nh6 36. Kd3 c2 37. Kxc2 Rf8 38. R1g5+ Kh4 39. Rg2 Nf5
40. Rh7+ 1-0

[Event "Cto de Aragon por Equipos Preferente"]
[Site "?"]
[Date "2020.02.22"]
[Round "5.69"]
[White "Vela Frago, Alberto"]
[Black "Planas Torrea, Francisco Javier"]
[Result "1-0"]
[WhiteElo "2040"]
[BlackElo "2079"]
[PlyCount "93"]
[EventDate "2020.??.??"]
[WhiteTeam "St. Casablanca C"]
[BlackTeam "Ejea"]

1. c4 Nf6 2. Nc3 g6 3. e4 d6 4. d4 Bg7 5. Be2 O-O 6. Nf3 e5 7. d5 Ne8 8. h4 h6
9. Qc2 a5 10. Bd2 Na6 11. O-O-O Nc5 12. Ne1 f5 13. f3 Nf6 14. Nd3 b6 15. Nxc5
bxc5 16. Rdg1 fxe4 17. Nxe4 Nxe4 18. fxe4 Bd7 19. Qd3 Qe7 20. Qg3 Kh7 21. h5 g5
22. Bg4 a4 23. Rf1 Rf7 24. Rxf7 Qxf7 25. Bxd7 Qxd7 26. Rf1 Rf8 27. Rxf8 Bxf8
28. Qf3 Kg7 29. g4 Be7 30. Kc2 Qe8 31. Qf5 Bd8 32. Qc8 Qe7 33. b3 axb3+ 34.
Kxb3 Qf8 35. Qd7+ Be7 36. Bc3 Qb8+ 37. Kc2 Qf8 38. Qxc7 Qe8 39. Kb3 Kf8 40. a4
Qf7 41. Qc8+ Qe8 42. Qxe8+ Kxe8 43. a5 Kd7 44. Ka4 Kc7 45. Kb5 Kb7 46. a6+ Ka7
47. Ba5 1-0

[Event "Cto de Aragon por Equipos Preferente"]
[Site "?"]
[Date "2020.02.22"]
[Round "5.70"]
[White "Planas Torrea, Alberto"]
[Black "Garcia Andres, Daniel"]
[Result "0-1"]
[WhiteElo "1910"]
[BlackElo "2029"]
[PlyCount "71"]
[EventDate "2020.??.??"]
[WhiteTeam "Ejea"]
[BlackTeam "St. Casablanca C"]

1. e4 e5 2. Nf3 Nc6 3. d4 exd4 4. Bc4 Bc5 5. O-O d6 6. c3 Bg4 7. Qb3 Qd7 8.
Bxf7+ Qxf7 9. Qxb7 Kd7 10. Nxd4 Bxd4 11. cxd4 Rb8 12. Qa6 Nxd4 13. Nc3 Ne7 14.
Be3 Nec6 15. Bxd4 Nxd4 16. Rac1 Be6 17. Qa4+ Nc6 18. Ne2 Rb6 19. Rxc6 Kd8 20.
Rxb6 cxb6 21. Rc1 Rf8 22. f3 Qb7 23. Qb4 Qd7 24. Nd4 Rf6 25. a4 Bf7 26. a5 d5
27. e5 Rg6 28. Qf8+ Qe8 29. Qb4 Qxe5 30. Nc6+ Rxc6 31. Rxc6 Kd7 32. Rc2 Qe3+
33. Kf1 Bg6 34. Qg4+ Kd6 35. Qg3+ Qe5 36. Rc6+ 0-1

[Event "Cto de Aragon por Equipos Preferente"]
[Site "?"]
[Date "2020.02.22"]
[Round "5.71"]
[White "Cebollada Pacheco, Jesus Raul"]
[Black "Asin Jimenez, Pedro Jose"]
[Result "1/2-1/2"]
[WhiteElo "1971"]
[BlackElo "1721"]
[PlyCount "63"]
[EventDate "2020.??.??"]
[WhiteTeam "St. Casablanca C"]
[BlackTeam "Ejea"]

1. e4 d5 2. exd5 Qxd5 3. Nc3 Qa5 4. Bc4 Nf6 5. d3 c6 6. Bd2 Qc7 7. Nge2 e6 8.
O-O Bd6 9. f4 Nbd7 10. Ng3 Nb6 11. Bb3 O-O 12. Nce4 Be7 13. Bc3 Nbd5 14. Nxf6+
Bxf6 15. Bxf6 Nxf6 16. Qe2 a5 17. a4 b5 18. Nh5 Nd5 19. Qg4 g6 20. Bxd5 exd5
21. Qg5 Qd8 22. Nf6+ Kg7 23. Nh5+ Kg8 24. Qh6 gxh5 25. f5 f6 26. Rf3 Kh8 27.
Re1 Ra7 28. Qxh5 Re7 29. Rfe3 Rxe3 30. Rxe3 Bd7 31. axb5 Qb6 32. Qh6 1/2-1/2